UBT Library

WEBSTER NEW EXPLORER DESK ENCYCLOPEDIA (Record no. 20108)

000 -LEADER
fixed length control field 00312nam a22001337a 4500
008 - FIXED-LENGTH DATA ELEMENTS--GENERAL INFORMATION
fixed length control field 170710b xxu||||| |||| 00| 0 eng d
020 ## - INTERNATIONAL STANDARD BOOK NUMBER
International Standard Book Number 666920859434
041 ## - LANGUAGE CODE
Language code of text/sound track or separate title eng
080 ## - UNIVERSAL DECIMAL CLASSIFICATION NUMBER
Universal Decimal Classification number 030
100 ## - Rafti
Rafti 23
101 ## - Shkurtesa
Shkurtesa ENC
245 ## - TITLE STATEMENT
Title WEBSTER NEW EXPLORER DESK ENCYCLOPEDIA
Statement of responsibility, etc STEVENS.M.A
942 ## - ADDED ENTRY ELEMENTS (KOHA)
Source of classification or shelving scheme
Item type Books
Holdings
Withdrawn status Lost status Source of classification or shelving scheme Damaged status Not for loan Collection code Permanent location Current location Shelving location Date acquired Total Checkouts Full call number Barcode Date last seen Price effective from Koha item type
          Koleksioni i përgjithshem UBT - Lipjan UBT - Lipjan Koleksioni i përgjithshem 07/10/2017   030 STE 002-2909053 07/10/2017 07/10/2017 Books
UBT Library © 2015-2024. All rights reserved University Education for Business and Technology